[Event "Arrecife de Lanzarote op"]
[Site "Arrecife de Lanzarote"]
[Date "2017.06.17"]
[Round "9"]
[White "Shi Zheng, Jia Ying"]
[Black "Kaizer, Bert"]
[Result "0-1"]
[WhiteElo "1307"]
[BlackElo "1842"]
[PlyCount "84"]
[EventDate "2017.06.11"]
[EventType "swiss"]
[EventRounds "9"]
[EventCountry "ESP"]
[SourceTitle "EXT 2019"]
[Source "ChessBase"]
[SourceDate "2018.10.10"]
[SourceVersion "1"]
[SourceVersionDate "2018.10.10"]
[SourceQuality "1"]

1. e4 e6 2. d4 d5 3. Nd2 dxe4 4. Nxe4 Nf6 5. Bg5 Be7 6. Nc3 0-0 7. Nf3 c6 8. a3 Nbd7 9. Be2 Nd5 10. Bxe7 Qxe7 11. Qd2 Re8 12. 0-0 Qd6 13. Nxd5 exd5 14. Bd3 Nf6 15. h3 Ne4 16. Rfe1 Bf5 17. Qe2 Re7 18. Ne5 f6 19. f3 Ng3 20. Qf2 Bxd3 21. Nxd3 Rae8 22. Rxe7 Rxe7 23. Re1 Nf5 24. g4 Rxe1+ 25. Qxe1 Nxd4 26. Qf2 c5 27. Kg2 b6 28. b4 Ne6 29. bxc5 bxc5 30. f4 c4 31. Nb4 Nxf4+ 32. Kh2 Nd3+ 33. Qg3 Qxg3+ 34. Kxg3 Nxb4 35. axb4 Kf7 36. Kf4 Ke6 37. c3 g5+ 38. Kf3 f5 39. gxf5+ Kxf5 40. b5 h5 41. Ke3 g4 42. hxg4+ hxg4 0-1

[Event "Arrecife de Lanzarote op"]
[Site "Arrecife de Lanzarote"]
[Date "2017.06.12"]
[Round "2"]
[White "Kaizer, Bert"]
[Black "Diaz Herrero, Alvaro"]
[Result "0-1"]
[WhiteElo "1842"]
[BlackElo "2203"]
[PlyCount "70"]
[EventDate "2017.06.11"]
[EventType "swiss"]
[EventRounds "9"]
[EventCountry "ESP"]
[SourceTitle "EXT 2018"]
[Source "ChessBase"]
[SourceDate "2017.10.13"]
[SourceVersion "1"]
[SourceVersionDate "2017.10.13"]
[SourceQuality "1"]

1. e4 c5 2. Nf3 d6 3. d4 Nf6 4. Nc3 cxd4 5. Nxd4 g6 6. Be2 Bg7 7. Be3 Nc6 8. 0-0 0-0 9. Qd2 a6 10. Rad1 Nxd4 11. Bxd4 b5 12. f3 Bb7 13. a3 Rc8 14. Na2 e6 15. c3 e5 16. Be3 d5 17. exd5 Nxd5 18. Nb4 Nxe3 19. Qxe3 Qe7 20. Rd2 Rfd8 21. Rfd1 Rxd2 22. Rxd2 Rd8 23. Rxd8+ Qxd8 24. Nd3 Qd5 25. Qe4 Qd7 26. Qe3 Qd6 27. Nb4 Bf8 28. Nd3 f6 29. g3 Be7 30. Kg2 Bd8 31. h4 Bb6 32. Qh6 e4 33. Nf4 exf3+ 34. Bxf3 Qd2+ 35. Kh3 Bxf3 0-1